BIBLIOTHÈQUE DE LA MAISON DU MEXIQUE

Logo 1 Logo 2

En pie de guerra (notice nᵒ 12729)

détails MARC
000 -Sello discográfico
campo de control de longitud fija 00892nam a2200277 4500
005 - Identificación de versión
campo de control 20260325142938.0
010 ## - Número Estándar Internacional de Libros (ISBN)
Número (ISBN) 968-6932-44-5
099 ## - fechas locales
Tipo de ítem Koha LIBRO
100 ## - Datos de procesamiento general
Datos de procesamiento general 20260325d1996 m y1spay5003 ba
101 ## - Idioma del recurso
Idioma del texto, banda sonora, etc. Español; Castellano
105 ## - Campo de datos codificados: Material textual, monográfico
Datos codificados de monografía a 001zy
200 ## - Título y mención de responsabilidad
Título propio En pie de guerra
Designación general del material texto impreso
Primer mención de responsabilidad José Villalpando César
Declaración de responsabilidad subsiguiente coordinación de la obra Fausto Zerón-Médina
205 ## - Declaración de edición
Declaración de edición 1a ed
210 ## - Publicación, distribución, etc.
Lugar de publicación, distribución, etc. México
Nombre del editor, distribuidor, etc. Editorial Clío
Fecha de publicación, distribución, etc. 1996
215 ## - Descripción física
Designación de material específico y extensión del ítem 63 p
Otras características físicas il.
Dimensiones 32 cm
345 ## - Nota de información de adquisición
Fuente de adquisición/dirección de la suscripción [OBSOLETO] Donación
410 ## - Series
Título La antorcha encendida
Número de volumen 5
607 ## - Nombre geográfico utilizado como tema
Elemento de entrada México
Subdivisión temática Historia
Subdivisión cronológica Guerra de independencia, 1810-1821
Número Koha 534
660 ## - Código de área geográfica
Código MX
700 ## - Nombre personal - Responsabilidad primaria
Elemento de entrada Villalpando César
Parte del nombre distinta del elemento de entrada José Manuel
Fechas 1957-
Número Koha 7359
702 ## - Nombre personal - Responsabilidad secundaria
Elemento de entrada Zerón-Medina
Parte del nombre distinta del elemento de entrada Fausto
Fechas 1947-
Número Koha 14002
801 ## - Fuente de origen
País FR
Agencia cm
Reglas de catalogación (convenciones descriptivas) AFNOR
942 ## - ELEMENTOS DE ENTRADA SECUNDARIOS (KOHA)
Tipo de ítem Koha Livre
Exemplaires
Estatus retirado Estado de daño Estado de pérdida Fuente de la clasificación o esquema de estantería Fecha de adquisición Biblioteca de origen Biblioteca actual Código de barras Precio de reemplazo Signatura topográfica completa No para préstamo Tipo de ítem Koha Nota no pública
      Clasificación Decimal Dewey 25/03/2026 Casa México Paris Casa México Paris 012079 25/03/2026 F972.03 V714e No se presta a domicilio Livre 751145101